[Event "Canada Day op"]
[Site "Toronto CAN"]
[Date "2002.06.29"]
[Round "1"]
[White "Shpigel, Dmitri"]
[Black "Southam, David"]
[Result "0-1"]
[WhiteElo "1999"]
[BlackElo "2176"]
[PlyCount "52"]
[EventDate "2002.06.29"]
[EventType "swiss"]
[EventRounds "6"]
[EventCountry "CAN"]

1. d4 d5 2. c4 e6 3. Nf3 c6 4. g3 f5 5. Bg2 Nf6 6. O-O Bd6 7. b3 Qe7 8. Bb2 O-O
9. Nbd2 b6 10. Qc2 Bb7 11. Rac1 Nbd7 12. Ne5 Rac8 13. Ndf3 Ne4 14. Rfd1 c5 15.
Nxd7 Qxd7 16. Ne5 Qe7 17. Bxe4 fxe4 18. e3 Bxe5 19. dxe5 Rf3 20. Qe2 Rcf8 21.
Rd2 Qf7 22. Bc3 Qh5 23. Rdc2 d4 24. exd4 e3 25. Be1 Rxf2 26. Bxf2 exf2+ 0-1

[Event "Canada Day op"]
[Site "Toronto CAN"]
[Date "2002.06.29"]
[Round "1"]
[White "Veltmann, Martin"]
[Black "Blakely, Matt"]
[Result "1-0"]
[WhiteElo "2142"]
[BlackElo "1973"]
[PlyCount "61"]
[EventDate "2002.06.29"]
[EventType "swiss"]
[EventRounds "6"]
[EventCountry "CAN"]

1. Nf3 d5 2. g3 c6 3. Bg2 Nf6 4. O-O g6 5. d3 Bg7 6. Nbd2 Nbd7 7. e4 dxe4 8.
dxe4 O-O 9. Qe2 e5 10. b3 b5 11. Bb2 Re8 12. a4 Qb6 13. Rfd1 Ba6 14. Bh3 Rad8
15. a5 Qb8 16. Qe3 Bb7 17. b4 a6 18. c4 bxc4 19. Nxc4 Bf8 20. Bxd7 Nxd7 21. Rd3
Bxb4 22. Rxd7 Rxd7 23. Ncxe5 Rde7 24. Ng4 Re6 25. Qd4 f6 26. Qxb4 c5 27. Qc3
Qd6 28. Ng5 Kg7 29. Nxe6+ Rxe6 30. Re1 Bxe4 31. Nxf6 1-0

[Event "Canada Day op"]
[Site "Toronto CAN"]
[Date "2002.06.29"]
[Round "2"]
[White "Gurevich, Artem"]
[Black "Mitrovic, Bojana"]
[Result "1-0"]
[WhiteElo "2310"]
[BlackElo "2176"]
[PlyCount "41"]
[EventDate "2002.06.29"]
[EventType "swiss"]
[EventRounds "6"]
[EventCountry "CAN"]

1. d4 g6 2. e4 Bg7 3. Nc3 c6 4. Be3 d6 5. Qd2 b5 6. Bd3 Nd7 7. Nf3 Ngf6 8. Bh6
O-O 9. Bxg7 Kxg7 10. O-O-O e5 11. Ne2 a6 12. Ng3 c5 13. dxe5 dxe5 14. Qg5 Re8
15. h4 h5 16. Be2 Kh7 17. Nxe5 Rxe5 18. Qxe5 Bb7 19. Qd6 Qe8 20. f4 Bxe4 21.
Rhe1 1-0

[Event "Canada Day op"]
[Site "Toronto CAN"]
[Date "2002.06.29"]
[Round "2"]
[White "Johnson, Chris"]
[Black "Noritsyn, Nikolay"]
[Result "1/2-1/2"]
[WhiteElo "1996"]
[BlackElo "2067"]
[PlyCount "81"]
[EventDate "2002.06.29"]
[EventType "swiss"]
[EventRounds "6"]
[EventCountry "CAN"]

1. f4 d5 2. Nf3 c5 3. e3 Nc6 4. Bb5 a6 5. Bxc6+ bxc6 6. b3 Nf6 7. O-O e6 8. Bb2
Be7 9. Qe1 O-O 10. d3 Rb8 11. Nbd2 Qc7 12. Ng5 Ne8 13. Ndf3 f6 14. Nh3 Bd7 15.
c4 Bd6 16. Qg3 g6 17. Nf2 Ng7 18. Ng4 Nf5 19. Qh3 Be7 20. Nh6+ Nxh6 21. Qxh6
Bd6 22. Qh4 e5 23. fxe5 fxe5 24. Ng5 h5 25. Nf3 Kh7 26. e4 d4 27. Bc1 Bg4 28.
Bg5 Qg7 29. Qg3 Kg8 30. h3 Be6 31. Rf2 Rf7 32. Raf1 Rbf8 33. Nh4 Kh7 34. Rxf7
Rxf7 35. Rxf7 Qxf7 36. Qf3 Qxf3 37. Nxf3 Kg7 38. Kf2 Kf7 39. Kg3 Bc7 40. Kh4
Bd7 41. Bd2 1/2-1/2

[Event "Canada Day op"]
[Site "Toronto CAN"]
[Date "2002.06.29"]
[Round "2"]
[White "Kret, Ted"]
[Black "Findlay, Ian"]
[Result "0-1"]
[WhiteElo "2163"]
[BlackElo "2391"]
[PlyCount "58"]
[EventDate "2002.06.29"]
[EventType "swiss"]
[EventRounds "6"]
[EventCountry "CAN"]

1. d4 Nf6 2. c4 c5 3. d5 e6 4. Nc3 exd5 5. cxd5 d6 6. e4 g6 7. f4 Bg7 8. Nf3
O-O 9. Be2 Re8 10. e5 dxe5 11. fxe5 Ng4 12. Bg5 Qb6 13. O-O c4+ 14. Kh1 Nd7 15.
e6 fxe6 16. dxe6 Ndf6 17. h3 Qxb2 18. Na4 Nf2+ 19. Rxf2 Ne4 20. Rf1 Ng3+ 21.
Kg1 Qxa1 22. Bxc4 Nxf1 23. e7+ Kh8 24. Qxa1 Bxa1 25. Kxf1 Bd7 26. Nc5 Rac8 27.
Nxd7 Rxc4 28. Nde5 Bxe5 29. Nxe5 Re4 0-1

[Event "Canada Day op"]
[Site "Toronto CAN"]
[Date "2002.06.29"]
[Round "2"]
[White "Southam, David"]
[Black "Torres, Juan Carlos"]
[Result "1-0"]
[WhiteElo "2176"]
[BlackElo "2030"]
[PlyCount "45"]
[EventDate "2002.06.29"]
[EventType "swiss"]
[EventRounds "6"]
[EventCountry "CAN"]

1. d4 Nf6 2. c4 c5 3. d5 d6 4. Nc3 g6 5. e4 Bg7 6. Bd3 O-O 7. h3 e6 8. Nf3 exd5
9. cxd5 a6 10. a4 Qa5 11. Bf4 Ne8 12. Ra3 b5 13. axb5 Bxc3+ 14. Rxc3 axb5 15.
O-O b4 16. Rc1 f6 17. Ra1 Qxa1 18. Qxa1 Rxa1 19. Rxa1 Nd7 20. Ra8 Bb7 21. Ra7
Bc8 22. Bb5 Ne5 23. Bh6 1-0

[Event "Canada Day op"]
[Site "Toronto CAN"]
[Date "2002.06.30"]
[Round "3"]
[White "Findlay, Ian"]
[Black "Divljan, Igor"]
[Result "1/2-1/2"]
[WhiteElo "2391"]
[BlackElo "2258"]
[PlyCount "93"]
[EventDate "2002.06.29"]
[EventType "swiss"]
[EventRounds "6"]
[EventCountry "CAN"]

1. e4 c5 2. Nf3 e6 3. d4 cxd4 4. Nxd4 Nc6 5. Nc3 Qc7 6. g3 a6 7. Bg2 Nf6 8. O-O
Bc5 9. Nb3 Ba7 10. Qe2 Ne5 11. a4 d6 12. Be3 Bxe3 13. Qxe3 Nc4 14. Qc1 e5 15.
Nd2 Be6 16. Nxc4 Bxc4 17. Rd1 O-O 18. a5 Qc6 19. Qe3 Rfd8 20. Na4 Be6 21. Nb6
Rab8 22. Rd2 Nd7 23. Nd5 Bxd5 24. exd5 Qb5 25. Qa3 Rbc8 26. Bf1 Qc5 27. c4 e4
28. b4 Qa7 29. Re1 f5 30. Rc1 Ne5 31. Be2 Rc7 32. c5 Rf8 33. Qe3 Qb8 34. Rdc2
Qd8 35. cxd6 Rxc2 36. Rxc2 Qxd6 37. Qc5 Qf6 38. Qe3 Rd8 39. Rd2 Rd6 40. Kg2 Nd7
41. f4 exf3+ 42. Bxf3 Ne5 43. Be2 h6 44. Qd4 Nd7 45. Qe3 Ne5 46. Qd4 Nd7 47.
Qe3 1/2-1/2

[Event "Canada Day op"]
[Site "Toronto CAN"]
[Date "2002.06.30"]
[Round "3"]
[White "Gaj, Milos"]
[Black "Dutton, Warren"]
[Result "0-1"]
[WhiteElo "1930"]
[BlackElo "1982"]
[PlyCount "58"]
[EventDate "2002.06.29"]
[EventType "swiss"]
[EventRounds "6"]
[EventCountry "CAN"]

1. Nf3 d5 2. c4 d4 3. d3 c5 4. e3 Nc6 5. g3 g6 6. exd4 cxd4 7. Bg2 Bg7 8. O-O
Nf6 9. Re1 O-O 10. a3 a5 11. b3 h6 12. h4 Nd7 13. Nh2 Nc5 14. Bb2 Bf5 15. Be4
Bxe4 16. dxe4 Qb6 17. Nf3 Qxb3 18. Qxb3 Nxb3 19. Ra2 Rfd8 20. Nbd2 a4 21. Kf1
Rac8 22. Nxb3 axb3 23. Raa1 Na5 24. Nd2 Nxc4 25. Nxc4 Rxc4 26. Rec1 b5 27. Ke1
d3 28. Rxc4 bxc4 29. Bxg7 d2+ 0-1

[Event "Canada Day op"]
[Site "Toronto CAN"]
[Date "2002.06.30"]
[Round "3"]
[White "Loadman, Ian"]
[Black "Gurevich, Artem"]
[Result "0-1"]
[WhiteElo "2200"]
[BlackElo "2310"]
[PlyCount "81"]
[EventDate "2002.06.29"]
[EventType "swiss"]
[EventRounds "6"]
[EventCountry "CAN"]

1. e4 d5 2. exd5 Nf6 3. c4 c6 4. d4 cxd5 5. Nc3 Nc6 6. Nf3 Bg4 7. cxd5 Nxd5 8.
Qb3 Bxf3 9. gxf3 e6 10. Qxb7 Ndb4 11. Bb5 Rc8 12. Bg5 f6 13. Be3 Be7 14. Bxc6+
Rxc6 15. d5 exd5 16. a3 Nc2+ 17. Kd2 Rxc3 18. bxc3 Nxa1 19. Rxa1 O-O 20. Qxa7
Qd6 21. Qb6 Qe5 22. f4 Qf5 23. Qb5 Qe6 24. Qb3 Bd6 25. a4 Rb8 26. Qa2 Qe4 27.
Qc2 Qc4 28. a5 d4 29. Bxd4 Bxf4+ 30. Be3 Rd8+ 31. Ke1 Bxe3 32. fxe3 Qh4+ 33.
Qf2 Qe4 34. Kf1 Rd5 35. Qa2 Qd3+ 36. Kf2 Kh8 37. a6 Rf5+ 38. Kg2 Qe4+ 39. Kg1
Rg5+ 40. Kf2 Rg2+ 41. Kf1 0-1

[Event "Canada Day op"]
[Site "Toronto CAN"]
[Date "2002.06.30"]
[Round "3"]
[White "Miller, Evgeny"]
[Black "Southam, David"]
[Result "1/2-1/2"]
[WhiteElo "2211"]
[BlackElo "2176"]
[PlyCount "73"]
[EventDate "2002.06.29"]
[EventType "swiss"]
[EventRounds "6"]
[EventCountry "CAN"]

1. e4 c6 2. d4 d5 3. e5 Bf5 4. Nf3 e6 5. Be2 c5 6. Be3 Nd7 7. O-O Ne7 8. dxc5
Nc6 9. c4 dxc4 10. Bxc4 Bxc5 11. Bxc5 Nxc5 12. Nc3 Qxd1 13. Rfxd1 Bg4 14. Bb5
Rc8 15. b4 Nd7 16. Ne4 Ke7 17. Nd6 Rb8 18. Nxb7 Ndxe5 19. Bxc6 Nxc6 20. Rac1
Rxb7 21. Rxc6 Rxb4 22. Rc7+ Kf6 23. Rxa7 Rd8 24. Re1 Bxf3 25. gxf3 Rd2 26. Re4
Rbb2 27. Rf4+ Ke5 28. Re4+ Kd6 29. Rxf7 Rxf2 30. Rxg7 Rxh2 31. a4 h5 32. Rg6 h4
33. Rgxe6+ Kd5 34. R6e5+ Kd6 35. Re6+ Kd5 36. R6e5+ Kd6 37. Re6+ 1/2-1/2

[Event "Canada Day op"]
[Site "Toronto CAN"]
[Date "2002.06.30"]
[Round "3"]
[White "Richardson, Ross"]
[Black "Johnson, Chris"]
[Result "0-1"]
[WhiteElo "1921"]
[BlackElo "1996"]
[PlyCount "68"]
[EventDate "2002.06.29"]
[EventType "swiss"]
[EventRounds "6"]
[EventCountry "CAN"]

1. d4 Nf6 2. c4 e6 3. Nc3 Bb4 4. Nf3 O-O 5. Bg5 h6 6. Bh4 d5 7. e3 Nbd7 8. Bd3
c5 9. a3 Bxc3+ 10. bxc3 Qc7 11. cxd5 cxd4 12. cxd4 Qc3+ 13. Kf1 exd5 14. a4 Qc6
15. Rg1 Qe6 16. h3 Ne4 17. g4 f5 18. g5 f4 19. exf4 Rxf4 20. Bg3 Rxf3 21. Bxe4
dxe4 22. gxh6 Qxh3+ 23. Ke2 Qxh6 24. Qc2 Qa6+ 25. Ke1 Nf6 26. Be5 Qa5+ 27. Ke2
Rc3 28. Qa2+ Kf8 29. Bd6+ Ke8 30. Be5 Qa6+ 31. Ke1 Be6 32. Qd2 e3 33. fxe3 Ne4
34. Qh2 Rxe3+ 0-1

[Event "Canada Day op"]
[Site "Toronto CAN"]
[Date "2002.06.30"]
[Round "4"]
[White "Divljan, Igor"]
[Black "Southam, David"]
[Result "0-1"]
[WhiteElo "2252"]
[BlackElo "2176"]
[PlyCount "116"]
[EventDate "2002.06.29"]
[EventType "swiss"]
[EventRounds "6"]
[EventCountry "CAN"]

1. d4 Nf6 2. c4 c5 3. d5 b5 4. cxb5 a6 5. b6 g6 6. Nc3 d6 7. a4 Qxb6 8. a5 Qb4
9. Ra4 Qb7 10. e4 Bg7 11. Bc4 O-O 12. Nge2 Ne8 13. O-O Nc7 14. Qd3 Bd7 15. Ra3
Nb5 16. Ra1 Nxc3 17. Nxc3 f5 18. f3 fxe4 19. fxe4 Rxf1+ 20. Qxf1 Be8 21. Ra3
Nd7 22. Rb3 Qc7 23. Bxa6 Qxa5 24. Bb5 Ne5 25. Bxe8 Rxe8 26. Ra3 Qb4 27. Ra4 Qb3
28. Qd1 Qxd1+ 29. Nxd1 Nd3 30. Bg5 Nxb2 31. Nxb2 Bxb2 32. Kf1 Kf7 33. Ke2 Be5
34. h3 Rb8 35. Ra7 Bf6 36. Bxf6 Kxf6 37. Rc7 Rb3 38. e5+ Kxe5 39. Rxe7+ Kxd5
40. Rxh7 Ke6 41. Rg7 Rg3 42. Kf2 Kf6 43. Rd7 Rd3 44. h4 c4 45. g4 c3 46. Ke2
Rd2+ 47. Ke3 d5 48. Rc7 d4+ 49. Ke4 c2 50. Rc6+ Ke7 51. h5 gxh5 52. gxh5 Kf7
53. Kf5 Kg7 54. h6+ Kh7 55. Kg5 Rg2+ 56. Kh5 d3 57. Rc7+ Kh8 58. h7 Rg7 0-1

[Event "Canada Day op"]
[Site "Toronto CAN"]
[Date "2002.06.30"]
[Round "4"]
[White "Gurevich, Artem"]
[Black "Findlay, Ian"]
[Result "1-0"]
[WhiteElo "2310"]
[BlackElo "2391"]
[PlyCount "89"]
[EventDate "2002.06.29"]
[EventType "swiss"]
[EventRounds "6"]
[EventCountry "CAN"]

1. e4 c5 2. Nf3 d6 3. d4 cxd4 4. Qxd4 Nc6 5. Bb5 Bd7 6. Bxc6 bxc6 7. c4 Qb6 8.
Nc3 Qxd4 9. Nxd4 g6 10. O-O Bg7 11. Be3 Nf6 12. f3 O-O 13. Rac1 Rfb8 14. b3 a5
15. Rfd1 Rb7 16. Kf2 Ne8 17. Rd2 f5 18. Nde2 c5 19. exf5 gxf5 20. Rcd1 Nf6 21.
Nf4 a4 22. Ncd5 Nxd5 23. Nxd5 Kf7 24. Bg5 axb3 25. axb3 e6 26. Ne3 Bd4 27. Rxd4
cxd4 28. Rxd4 Ra2+ 29. Kg1 Kg6 30. h4 h6 31. Bf4 Ra6 32. Bxd6 Rxb3 33. Bf4 Rb7
34. c5 Ra4 35. Rxa4 Bxa4 36. Kf2 Bc6 37. Nc4 Kf6 38. Be5+ Ke7 39. Na5 Kd7 40.
Nxb7 Bxb7 41. g4 fxg4 42. fxg4 Kc6 43. g5 Kxc5 44. Ke3 Bc6 45. gxh6 1-0

[Event "Canada Day op"]
[Site "Toronto CAN"]
[Date "2002.06.30"]
[Round "4"]
[White "Johnson, Chris"]
[Black "Ellis, Joseph T"]
[Result "1-0"]
[WhiteElo "1996"]
[BlackElo "1960"]
[PlyCount "73"]
[EventDate "2002.06.29"]
[EventType "swiss"]
[EventRounds "6"]
[EventCountry "CAN"]

1. f4 Nf6 2. b3 c5 3. e3 d5 4. Nf3 Nc6 5. Bb5 Bd7 6. Bxc6 Bxc6 7. O-O e6 8. Bb2
Be7 9. Qe1 O-O 10. d3 Rc8 11. Nbd2 b5 12. Ne5 Ba8 13. a4 a6 14. axb5 axb5 15.
Rf3 c4 16. Bd4 cxd3 17. cxd3 Bb4 18. Qd1 Qc7 19. Rg3 Qc2 20. Ng4 Qxd1+ 21. Rxd1
Nxg4 22. Rxg4 f6 23. Nf3 Bc3 24. Bxc3 Rxc3 25. Nd4 e5 26. Nxb5 Rxb3 27. Nc7 Ra3
28. f5 Ra7 29. Rc1 Rc8 30. Rxg7+ Kh8 31. Re7 Kg8 32. Kf1 d4 33. e4 Ra3 34. Re8+
Rxe8 35. Nxe8 Kf7 36. Nc7 Bb7 37. Nb5 1-0

[Event "Canada Day op"]
[Site "Toronto CAN"]
[Date "2002.06.30"]
[Round "4"]
[White "Ramaswamy, Kiran"]
[Black "Miller, Evgeny"]
[Result "1/2-1/2"]
[WhiteElo "1952"]
[BlackElo "2211"]
[PlyCount "173"]
[EventDate "2002.06.29"]
[EventType "swiss"]
[EventRounds "6"]
[EventCountry "CAN"]

1. c4 e5 2. g3 Nf6 3. Bg2 Nc6 4. Nc3 Bb4 5. Nf3 Bxc3 6. dxc3 d6 7. O-O O-O 8.
Bg5 h6 9. Bxf6 Qxf6 10. Nd2 Qe7 11. e4 Rb8 12. Qb3 Kh8 13. Rfd1 f5 14. Qa3 f4
15. b4 b6 16. h3 fxg3 17. fxg3 Qg5 18. Kh2 Rf2 19. Nf3 Qh5 20. Ng1 Be6 21. Qa4
Bd7 22. Rf1 Rbf8 23. Rxf2 Rxf2 24. Rf1 Rxf1 25. Bxf1 Qf7 26. Kg2 Na5 27. Qc2
Nxc4 28. Qf2 Qe6 29. Be2 a5 30. Bg4 Qe8 31. Be2 Qg8 32. Kh2 Bc6 33. Bd3 axb4
34. cxb4 b5 35. Qc2 Qf7 36. a4 d5 37. axb5 Bxb5 38. exd5 Ne3 39. Qe2 Bxd3 40.
Qxe3 Qxd5 41. Nf3 e4 42. Nd2 Kg8 43. Qa7 c6 44. Qb8+ Kh7 45. Qf4 Qg5 46. Qxg5
hxg5 47. Kg1 Kg6 48. Kf2 Kf5 49. Ke3 Ke5 50. Nb3 Bf1 51. h4 gxh4 52. gxh4 Kd5
53. Nd4 Bh3 54. Nb3 Bd7 55. Na5 Be6 56. Kd2 g6 57. Ke3 Bd7 58. Nb3 Ke5 59. Nd4
Be8 60. Ne2 Bf7 61. Nc3 Bd5 62. Ne2 Kf5 63. Nc3 Ke5 64. Ne2 Be6 65. Nc3 Bf5 66.
Ne2 Bg4 67. Nd4 Kd5 68. Nc2 Bh5 69. Kd2 Bf3 70. Ke3 Bg4 71. Kd2 Bd7 72. Ke3 Kc4
73. Nd4 Kxb4 74. Kxe4 c5 75. Nc2+ Kb3 76. Ne3 c4 77. Ke5 c3 78. Kf6 Be8 79. Ke7
Bb5 80. Kf6 Bd3 81. Kg5 Ka2 82. h5 gxh5 83. Kxh5 Kb1 84. Kg4 Be4 85. Kf4 Bc6
86. Ke5 Bf3 87. Kd4 1/2-1/2

[Event "Canada Day op"]
[Site "Toronto CAN"]
[Date "2002.06.30"]
[Round "4"]
[White "Rapoport, Alexander"]
[Black "Dutton, Warren"]
[Result "0-1"]
[WhiteElo "2050"]
[BlackElo "1980"]
[PlyCount "114"]
[EventDate "2002.06.29"]
[EventType "swiss"]
[EventRounds "6"]
[EventCountry "CAN"]

1. e4 c5 2. Nf3 Nc6 3. d4 cxd4 4. Nxd4 Nf6 5. Nc3 d6 6. Be2 g6 7. Be3 Bg7 8.
O-O O-O 9. f3 Bd7 10. Qd2 Re8 11. Rfd1 Rc8 12. Nxc6 Bxc6 13. Nd5 Bxd5 14. exd5
Qc7 15. c3 a6 16. Rab1 Nd7 17. Bd4 Bxd4+ 18. Qxd4 Nf6 19. f4 Qc5 20. Bf3 Rc7
21. Kf2 Rec8 22. g4 Qa5 23. g5 Ne8 24. Bg4 Rc4 25. Qd2 R8c7 26. Be2 Qb6+ 27.
Kf3 R4c5 28. c4 Rc8 29. Qe3 Qd8 30. b4 R5c7 31. Kf2 Ng7 32. Bg4 Ra8 33. Rbc1 a5
34. a3 axb4 35. axb4 Ra4 36. Qb6 Ra6 37. Qd4 b6 38. Ra1 Rca7 39. Rxa6 Rxa6 40.
Rd2 Qc7 41. Rc2 Ra8 42. Qd2 Re8 43. Qd3 e5 44. fxe5 Rxe5 45. h4 Qe7 46. c5 dxc5
47. bxc5 bxc5 48. d6 Qd8 49. Ra2 h5 50. gxh6 Nf5 51. Bxf5 Qxh4+ 52. Kg2 Rxf5
53. h7+ Kxh7 54. d7 Rg5+ 55. Kf1 Qh1+ 56. Kf2 Rg2+ 57. Ke3 Rg3+ 0-1

[Event "Canada Day op"]
[Site "Toronto CAN"]
[Date "2002.07.01"]
[Round "5"]
[White "Dutton, Warren"]
[Black "Mitrovic, Bojana"]
[Result "1-0"]
[WhiteElo "2176"]
[BlackElo "1982"]
[PlyCount "79"]
[EventDate "2002.06.29"]
[EventType "swiss"]
[EventRounds "6"]
[EventCountry "CAN"]

1. e4 g6 2. f4 Bg7 3. d4 c6 4. Nf3 d5 5. e5 h5 6. Bd3 Bg4 7. O-O e6 8. h3 Bxf3
9. Qxf3 h4 10. b3 Ne7 11. a4 Nd7 12. Ba3 Qb6 13. Qf2 Nf5 14. Bxf5 gxf5 15. Nd2
f6 16. Nf3 fxe5 17. fxe5 O-O-O 18. a5 Qxa5 19. Be7 Qb6 20. Bxd8 Kxd8 21. Kh1 c5
22. Qd2 cxd4 23. Qg5+ Bf6 24. exf6 Rf8 25. f7+ Kc8 26. Qe7 Qc5 27. Qxe6 a6 28.
Ne5 Qc7 29. Qxd7+ Qxd7 30. Nxd7 Kxd7 31. Rxf5 Ke6 32. Raf1 a5 33. Rg5 b5 34.
Rg6+ Ke7 35. Rb6 a4 36. Rxb5 axb3 37. Rxb3 Kd6 38. Rbf3 Ke6 39. Re1+ Kd7 40.
Re5 1-0

[Event "Canada Day op"]
[Site "Toronto CAN"]
[Date "2002.07.01"]
[Round "5"]
[White "Findlay, Ian"]
[Black "Nahutin, Yevgeni"]
[Result "1-0"]
[WhiteElo "2391"]
[BlackElo "2132"]
[PlyCount "79"]
[EventDate "2002.06.29"]
[EventType "swiss"]
[EventRounds "6"]
[EventCountry "CAN"]

1. e4 e5 2. Nf3 Nc6 3. Bb5 a6 4. Ba4 Nf6 5. O-O b5 6. Bb3 Bc5 7. Re1 O-O 8. c3
d6 9. d4 Bb6 10. h3 h6 11. Be3 exd4 12. cxd4 Na5 13. Bc2 Nc4 14. Bc1 Ba5 15.
Re2 c5 16. b3 Nb6 17. Bb2 c4 18. d5 b4 19. Bd4 cxb3 20. axb3 Nbd7 21. Nbd2 Bb6
22. Nc4 Bxd4 23. Nxd4 Ne5 24. Nxe5 dxe5 25. Nc6 Qd6 26. Qd2 Nh5 27. Qxb4 Qxb4
28. Nxb4 Bd7 29. Rd2 a5 30. Nd3 f6 31. Nc5 Rfd8 32. b4 a4 33. Bxa4 Bxa4 34.
Rxa4 Rab8 35. g3 g6 36. d6 Ng7 37. Ra7 Kf8 38. Nd7+ Rxd7 39. Rxd7 Rxb4 40. Rxg7
1-0

[Event "Canada Day op"]
[Site "Toronto CAN"]
[Date "2002.07.01"]
[Round "5"]
[White "Pleau, Derek"]
[Black "Kret, Ted"]
[Result "0-1"]
[WhiteElo "2000"]
[BlackElo "2160"]
[PlyCount "114"]
[EventDate "2002.06.29"]
[EventType "swiss"]
[EventRounds "6"]
[EventCountry "CAN"]

1. e4 e6 2. d4 d5 3. e5 c5 4. c3 Nc6 5. Nf3 Qb6 6. a3 Nh6 7. b4 cxd4 8. cxd4
Bd7 9. Bb2 Rc8 10. Be2 Be7 11. O-O O-O 12. Nbd2 Nd8 13. Rc1 Rxc1 14. Qxc1 Ba4
15. Qc3 Nc6 16. Rc1 Ra8 17. Nb3 Nf5 18. Nc5 Bb5 19. Bxb5 Qxb5 20. Qd3 Qxd3 21.
Nxd3 h5 22. b5 Na5 23. Nd2 g5 24. Nc5 Rc8 25. Ncb3 Rxc1+ 26. Nxc1 g4 27. Kf1 h4
28. g3 Kg7 29. Ke2 Kg6 30. Kd3 h3 31. Ne2 b6 32. Nf4+ Kh6 33. a4 Bg5 34. Bc3
Bxf4 35. gxf4 Nc4 36. Nxc4 dxc4+ 37. Ke4 Nh4 38. f5 exf5+ 39. Kf4 Kg7 40. d5
Kf8 41. Bd4 Nf3 42. Be3 Nxh2 43. a5 Nf3 44. Kg3 bxa5 45. Bxa7 Nxe5 46. b6 Nd7
47. b7 c3 48. b8=Q+ Nxb8 49. Bxb8 c2 50. Bd6+ Ke8 51. Ba3 Kd7 52. d6 f4+ 53.
Kh2 f3 54. Kg3 f5 55. Kh2 a4 56. Kg3 f4+ 57. Kh2 g3+ 0-1

[Event "Canada Day op"]
[Site "Toronto CAN"]
[Date "2002.07.01"]
[Round "5"]
[White "Ramaswamy, Kiran"]
[Black "Thavandiran, Shiyam"]
[Result "1-0"]
[WhiteElo "1950"]
[BlackElo "2057"]
[PlyCount "141"]
[EventDate "2002.06.29"]
[EventType "swiss"]
[EventRounds "6"]
[EventCountry "CAN"]

1. c4 Nf6 2. g3 g6 3. Bg2 c5 4. Nc3 Bg7 5. Nf3 O-O 6. O-O e6 7. d4 cxd4 8. Nxd4
d5 9. cxd5 Nxd5 10. Nxd5 exd5 11. Be3 Nc6 12. Qd2 Be6 13. Rfd1 Qf6 14. Rac1
Rac8 15. Rb1 Rfe8 16. Nb5 Bf5 17. Rbc1 a6 18. Bg5 Bh6 19. Bxf6 Bxd2 20. Rxd2
axb5 21. Bxd5 Nb4 22. Rxc8 Rxc8 23. Bxb7 Rb8 24. a3 Nd3 25. Bc6 Rc8 26. g4 Rxc6
27. gxf5 Rxf6 28. Rxd3 Rxf5 29. Rd4 Rc5 30. Rd8+ Kg7 31. Rb8 Kf6 32. Kg2 h5 33.
Rb7 Ke6 34. e3 f6 35. h3 Ke5 36. Kf3 g5 37. Rb8 f5 38. Re8+ Kd5 39. b3 Rc3 40.
Rd8+ Ke5 41. b4 f4 42. Rb8 Rxa3 43. Rxb5+ Kf6 44. h4 gxh4 45. Rxh5 fxe3 46.
fxe3 Rb3 47. Rxh4 Ke6 48. Rg4 Kf5 49. Rc4 Ke5 50. Rh4 Ke6 51. Rf4 Ke5 52. Rc4
Kd5 53. Re4 Rb1 54. Rh4 Rf1+ 55. Ke2 Rb1 56. Rd4+ Ke5 57. Kd3 Rb3+ 58. Kc4 Rxe3
59. Rd1 Re2 60. Kc5 Rc2+ 61. Kb6 Rb2 62. b5 Ke6 63. Kc6 Rc2+ 64. Kb7 Rb2 65. b6
Ke7 66. Kc7 Rc2+ 67. Kb8 Rb2 68. b7 Rb4 69. Ra1 Kd7 70. Ka8 Kc7 71. Rc1+ 1-0

[Event "Canada Day op"]
[Site "Toronto CAN"]
[Date "2002.07.01"]
[Round "5"]
[White "Southam, David"]
[Black "Gurevich, Artem"]
[Result "0-1"]
[WhiteElo "2176"]
[BlackElo "2310"]
[PlyCount "86"]
[EventDate "2002.06.29"]
[EventType "swiss"]
[EventRounds "6"]
[EventCountry "CAN"]

1. d4 Nf6 2. c4 e6 3. Nf3 b6 4. g3 Ba6 5. b3 Bb4+ 6. Bd2 Be7 7. Bg2 c6 8. Bc3
d5 9. Ne5 Nfd7 10. Nxd7 Nxd7 11. Nd2 O-O 12. O-O Rc8 13. e4 c5 14. exd5 exd5
15. dxc5 dxc4 16. c6 cxb3 17. Re1 b2 18. Bxb2 Nc5 19. Qg4 Bf6 20. Bxf6 Qxf6 21.
Nb3 Nd3 22. Re2 Ne5 23. Rxe5 Qxe5 24. Qa4 Bb5 25. Qd4 Qxd4 26. Nxd4 Ba4 27. Nf5
Rc7 28. Rc1 Rd8 29. Ne3 Kf8 30. Rc4 Bb5 31. Rh4 h6 32. Rb4 Bxc6 33. Rc4 Rdc8
34. Rd4 Bxg2 35. Kxg2 Rc5 36. a4 Ra5 37. Rb4 Rc3 38. Nc4 Rc5 39. Ne3 Ra3 40.
Nc4 Ra2 41. Nd6 Ke7 42. Ne4 Rcc2 43. g4 g6 0-1

[Event "Canada Day op"]
[Site "Toronto CAN"]
[Date "2002.07.01"]
[Round "5"]
[White "Veltmann, Martin"]
[Black "Johnson, Chris"]
[Result "1-0"]
[WhiteElo "2142"]
[BlackElo "1996"]
[PlyCount "67"]
[EventDate "2002.06.29"]
[EventType "swiss"]
[EventRounds "6"]
[EventCountry "CAN"]

1. Nf3 Nf6 2. g3 g6 3. Bg2 Bg7 4. O-O O-O 5. d3 d5 6. Nbd2 c6 7. e4 dxe4 8.
dxe4 Bg4 9. h3 Bxf3 10. Qxf3 Qc7 11. c3 e5 12. Qe2 Nbd7 13. Nb3 Nh5 14. Bf3 f5
15. Bxh5 gxh5 16. Qxh5 fxe4 17. Bg5 Qd6 18. Qg4 Qg6 19. Qxd7 Qxg5 20. Rae1 Rf7
21. Qg4 Qh6 22. Rxe4 Kh8 23. Qh4 Qd6 24. Re2 Rg8 25. Rd2 Qg6 26. Rd8 Bf8 27.
Rd2 Be7 28. Qc4 Bg5 29. Rd6 Bf6 30. Nc5 Qh5 31. Ne4 Be7 32. Rh6 Qf3 33. Qe6 Bg5
34. Qxe5+ 1-0

[Event "Canada Day op"]
[Site "Toronto CAN"]
[Date "2002.07.01"]
[Round "6"]
[White "Gurevich, Artem"]
[Black "Ramaswamy, Kiran"]
[Result "1-0"]
[WhiteElo "2310"]
[BlackElo "1952"]
[PlyCount "55"]
[EventDate "2002.06.29"]
[EventType "swiss"]
[EventRounds "6"]
[EventCountry "CAN"]

1. d4 c5 2. d5 e5 3. e4 d6 4. Nc3 Nf6 5. Be2 Be7 6. Nf3 O-O 7. O-O Ne8 8. Nd2
g6 9. f4 exf4 10. Nc4 Nd7 11. Bxf4 f6 12. Bh6 Ng7 13. Qd2 Ne5 14. Nxe5 fxe5 15.
Rxf8+ Bxf8 16. Rf1 Bd7 17. Qe3 Rb8 18. Qf3 Qe7 19. Bg5 Qe8 20. Bb5 Rc8 21.
Qxf8+ Qxf8 22. Rxf8+ Kxf8 23. Bxd7 Rc7 24. Be6 Nxe6 25. dxe6 Rc8 26. Nd5 Kg7
27. Bf6+ Kf8 28. Bd8 1-0

[Event "Canada Day op"]
[Site "Toronto CAN"]
[Date "2002.07.01"]
[Round "6"]
[White "Nahutin, Yevgeni"]
[Black "Johnson, Chris"]
[Result "1/2-1/2"]
[WhiteElo "2122"]
[BlackElo "1996"]
[PlyCount "60"]
[EventDate "2002.06.29"]
[EventType "swiss"]
[EventRounds "6"]
[EventCountry "CAN"]

1. d4 Nf6 2. Nf3 e6 3. b3 c5 4. e3 b6 5. Bb2 Bb7 6. Bd3 Be7 7. O-O O-O 8. Nbd2
Qc7 9. Rc1 d5 10. c4 dxc4 11. Nxc4 Nbd7 12. Nce5 Rac8 13. Nxd7 Qxd7 14. dxc5
Bxf3 15. gxf3 Rfd8 16. Bb1 Qb7 17. c6 Rxc6 18. Qe2 Rcd6 19. Rfd1 Rxd1+ 20. Rxd1
Rxd1+ 21. Qxd1 Qd5 22. Qxd5 Nxd5 23. Kf1 Bd6 24. h3 f5 25. f4 Kf7 26. Ke2 g6
27. Kd3 Ke7 28. a3 Kd7 29. Bc2 Kc6 30. Bd1 Be7 1/2-1/2

[Event "Canada Day op"]
[Site "Toronto CAN"]
[Date "2002.07.01"]
[Round "6"]
[White "Thavandiran, Shiyam"]
[Black "Dutton, Warren"]
[Result "1-0"]
[WhiteElo "2057"]
[BlackElo "1982"]
[PlyCount "89"]
[EventDate "2002.06.29"]
[EventType "swiss"]
[EventRounds "6"]
[EventCountry "CAN"]

1. e4 e5 2. Nf3 Nc6 3. Bb5 Nf6 4. d3 Bc5 5. O-O h6 6. Bxc6 dxc6 7. Nxe5 O-O 8.
h3 Re8 9. Nf3 Be6 10. Nc3 Qd7 11. Bf4 Rad8 12. Qd2 Bxh3 13. gxh3 Qxh3 14. Nh2
Re6 15. Kh1 Nh5 16. Bg3 Rg6 17. Ne2 Bxf2 18. Rxf2 Rxg3 19. Nf4 Nxf4 20. Qxf4
Rd7 21. Qf5 Qxf5 22. Rxf5 b6 23. Rf3 Rg5 24. Rg1 Ra5 25. a3 Kf8 26. Kg2 Rc5 27.
c3 Rb5 28. b4 a5 29. Ra1 Rd6 30. Nf1 h5 31. Ng3 Rg6 32. Kf2 h4 33. Nf5 Rg4 34.
Rh1 axb4 35. axb4 c5 36. Ne3 Rg6 37. Rxh4 cxb4 38. Rh8+ Ke7 39. Nd5+ Kd6 40.
cxb4 Ke5 41. Ke3 c5 42. Rf5+ Kd6 43. Rd8+ Kc6 44. Ne7+ Kc7 45. Rfd5 1-0